Statistics for All modern day countries that have committed genocide

Click here to take the quiz!

General Stats

  • This quiz has been taken 89 times
  • The average score is 16 of 31

Answer Stats

YearDeathsAnswer% Correct
2014-now>1500kChina
92%
1846-18739k-16kUnited States
88%
1984-9015k-29kIndia
78%
1840-9710k-65kUnited Kingdom
78%
19425k-25kUnited Kingdom
78%
1977-9197k-338kIraq
72%
1971300k-3000kPakistan
71%
1830-71300k-1000kFrance
71%
1994500k-1.07mRwanda
69%
2002-0360k-70kDRC
69%
1996-97200k-232kDRC
69%
1900-85235k-800kBrazil
63%
1965-66500k-3000kIndonesia
59%
1975-9985k-197kIndonesia
59%
2003-now98k-500k+Sudan
56%
19668k-30kNigeria
54%
2017-now9k-14k+Myanmar
51%
1870~ -84>225kArgentina
46%
1972-78100k-300kUganda
44%
Late 1900s2,500-3,900Chile
44%
1988-9150k-200kSomalia
44%
1977-974k-13kBangladesh
42%
199325k-50kBurundi
37%
197280k-300kBurundi
37%
1983-872k-30kZimbabwe
31%
1992-958k-39kBosnia
29%
18043,000-5,000Haiti
27%
193712k-35kDominican Republic
26%
1956-0940k-140k+Sri Lanka
23%
1956-70~900-4,000Paraguay
19%
1962-9632-166kGuatemala
14%

Score Distribution

Percentile by Number Answered

Percent of People with Each Score

Your Score History

You have not taken this quiz